Điều khiển tối ưu các quá trình ngẫu nhiên và bài toán kinh tế : Luận văn Thạc sĩ. Chuyên ngành : Toán giải thích
Trong luận văn này chúng tôi tập trung giải quyết một bài toán tối ưu dưới dạng điều khiển các tác động rủi ro. Bài toán này có ứng dụng vào bài toán kinh tế là lựa chọn danh mục đầu tư trong một thị trường tài chính nhất định....
Đã lưu trong:
| 主要作者: | |
|---|---|
| 格式: | 图书 |
| 语言: | Undetermined |
| 出版: |
Cần Thơ
Trường Đại học Cần Thơ
2012
|
| 主题: | |
| 标签: |
添加标签
没有标签, 成为第一个标记此记录!
|
| Thư viện lưu trữ: | Trung tâm Học liệu Trường Đại học Cần Thơ |
|---|
| LEADER | 01281nam a2200217Ia 4500 | ||
|---|---|---|---|
| 001 | CTU_177992 | ||
| 008 | 210402s9999 xx 000 0 und d | ||
| 082 | |a 519.23 | ||
| 082 | |b T500 | ||
| 088 | |a 60460102 | ||
| 100 | |a Võ, Đình Tú | ||
| 245 | 0 | |a Điều khiển tối ưu các quá trình ngẫu nhiên và bài toán kinh tế : | |
| 245 | 0 | |b Luận văn Thạc sĩ. Chuyên ngành : Toán giải thích | |
| 245 | 0 | |c Võ Đình Tú ; Nguyễn Đình Phư (hướng dẫn khoa học) | |
| 260 | |a Cần Thơ | ||
| 260 | |b Trường Đại học Cần Thơ | ||
| 260 | |c 2012 | ||
| 520 | |a Trong luận văn này chúng tôi tập trung giải quyết một bài toán tối ưu dưới dạng điều khiển các tác động rủi ro. Bài toán này có ứng dụng vào bài toán kinh tế là lựa chọn danh mục đầu tư trong một thị trường tài chính nhất định. | ||
| 650 | |a Business mathematics,Thuyết điều khiển ngẫu nhiên,Toán kinh tế,Mathematical optimization,Toán tối ưu,Stochastic control theory | ||
| 904 | |i Ngọc huyền, Năm | ||
| 980 | |a Trung tâm Học liệu Trường Đại học Cần Thơ | ||